000 00431nam a22001697a 4500
003 MPLRDC
005 20220104142633.0
008 210129b ||||| |||| 00| 0 eng d
082 _a910.1 SAD
100 _aSTANLEY SADIE, ALISON LATHAM 主编
245 _a剑桥音乐入门
_c孟宪福 译
250 _a初版
260 _a台湾
_b果实出版
_c2004
300 _b568
650 _a音乐泛论
942 _cBK
_o910.1 SAD
999 _c32501
_d32491